000 00303nam a22001217a 4500
008 181126b xxu||||| |||| 00| 0 eng d
041 _aeng
080 _a043.3
100 _a0
101 _aBTH-INI
245 _aOrganizimi i Punishtes per Objektin Afaristo-Banesor B+P+5E
_cHalili, F
942 _2udc
_cBK
999 _c52520
_d52520